Loading...
Social Science | 0 | 4 | 1 | 0 | 35 | 67 | 78.50 | 1 | 4 |
Religion | 0 | 3 | 0 | 0 | 30 | 70 | 101.33 | 1 | 2 |
History - American History | 0 | 3 | 0 | 1 | 30 | 65 | 95.67 | 1 | 1 |
History - Other History | 0 | 3 | 0 | 1 | 30 | 90 | 105.33 | 0 | 1 |
History - World History | 0 | 3 | 0 | 0 | 30 | 55 | 96.67 | 1 | 2 |
Other Academic | 0 | 3 | 0 | 0 | 30 | 72 | 104.33 | 2 | 2 |
Philosophy | 0 | 3 | 1 | 0 | 25 | 58 | 108.67 | 1 | 2 |
Literature - American Literature | 0 | 2 | 0 | 0 | 20 | 109 | 124.00 | 1 | 1 |
Literature - World Literature | 0 | 2 | 0 | 0 | 20 | 21 | 78.50 | 1 | 1 |
Fine Arts - Painting and Sculpture | 0 | 2 | 1 | 0 | 15 | 105 | 119.50 | 0 | 1 |
Fine Arts - Other Fine Arts | 0 | 1 | 0 | 0 | 10 | 92 | 92.00 | 0 | 1 |
Science - Biology | 0 | 1 | 0 | 0 | 10 | 114 | 114.00 | 0 | 0 |
Current Events | 0 | 1 | 1 | 0 | 5 | 76 | 76.00 | 1 | 1 |
Fine Arts - Classical Music | 0 | 1 | 1 | 0 | 5 | 138 | 138.00 | 0 | 0 |
Science - Other Science | 0 | 1 | 1 | 0 | 5 | 122 | 122.00 | 0 | 1 |
Literature - British Literature | 0 | 0 | 0 | 0 | 0 | 0.00 | 0 | 0 |